00768nam a2200241Ia 4500003000400000005001700004008004100021020001500062040001800077041000800095082002300103100002800126245003100154250000600185260006500191300001300256650001600269700002700285700002800312942002700340999001900367952014000386OSt20250529115224.0210716s2004 xx 000 0 und d a8173661669 cAIMIT LIBRARY aeng a005.7402 21bKAUJ aKauffman, John.9211647 aBeginning sql Programming. a1 aNew DelhibShroff Publishers and Distributors Pvt Ltdc2004 aii,723,5 aSQL9211648 aMatrik, Brian.9211649 aSpencer, Kevin.9211650 2ddccBKk005.7402 KAUJ c187194d187194 001040708MCAaAIMITbAIMITeIntel Book Distributorsg575.00l0o005.7402 KAUJpMCA06702r2025-07-21 00:00:00v460.00w2021-07-16yBK